Fúquene : (Registro nro. 7367)
[ vista simple ]
| 000 -LEADER | |
|---|---|
| fixed length control field | 01974cam a2200313 a 4500 |
| 001 - CONTROL NUMBER | |
| control field | 13540287 |
| 003 - CONTROL NUMBER IDENTIFIER | |
| control field | OSt |
| 005 - DATE AND TIME OF LATEST TRANSACTION | |
| control field | 20210228164603.0 |
| 008 - FIXED-LENGTH DATA ELEMENTS--GENERAL INFORMATION | |
| fixed length control field | 040303s2000 ck abo rb s000 0 spa d |
| 020 ## - INTERNATIONAL STANDARD BOOK NUMBER | |
| International Standard Book Number | 9589679226 |
| 040 ## - CATALOGING SOURCE | |
| Original cataloging agency | CO-JMCR |
| Transcribing agency | CO-JMCR |
| 041 0# - LANGUAGE CODE | |
| Language code of text/sound track or separate title | spa |
| -- | eng |
| 082 00 - DEWEY DECIMAL CLASSIFICATION NUMBER | |
| Classification number | 918.61 / |
| Item number | S237f |
| Edition number | 22 |
| 100 1# - MAIN ENTRY--PERSONAL NAME | |
| Personal name | Santos Molano, Enrique, |
| Relator term | autor |
| 9 (RLIN) | 14069 |
| 245 10 - TITLE STATEMENT | |
| Title | Fúquene : |
| Remainder of title | el lecho de la zorra / |
| Statement of responsibility, etc. | textos, Enrique Santos Molano ; fotografía, Conchita Guerra C. |
| 250 ## - EDITION STATEMENT | |
| Edition statement | Primera edición |
| 260 ## - PUBLICATION, DISTRIBUTION, ETC. | |
| Place of publication, distribution, etc. | Bogotá : |
| Name of publisher, distributor, etc. | Corporación Autónoma Regional de Cundinamarca, |
| Date of publication, distribution, etc. | 2000 |
| 300 ## - PHYSICAL DESCRIPTION | |
| Extent | 189 páginas : |
| Other physical details | ilustraciones, fotografías, mapas a color ; |
| Dimensions | 32 cm. |
| 500 ## - GENERAL NOTE | |
| General note | Versión resumida en inglés por Joe Broderick |
| 504 ## - BIBLIOGRAPHY, ETC. NOTE | |
| Bibliography, etc. note | Incluye referencias bibliográficas |
| 505 ## - FORMATTED CONTENTS NOTE | |
| Formatted contents note | La laguna sagrada -- La laguna desolada -- El corazón de una región -- Al rescate de la laguna -- Fúquene the fox's lair |
| 520 3# - SUMMARY, ETC. | |
| Summary, etc. | Fúquene, en lengua chibcha, significa el lecho de la zorra. Desde los tiempos de la colonia, hasta no hace mucho, la laguna sólo representó, para quienes habitaban en su entorno, un reto y un problema: cómo desecarla, cómo reducir sus aguas y convertir su lecho en terrenos aptos para la agricultura y la ganadería. Ahora el criterio es diferente: cómo convertir este humedal en un santuario del desarrollo sostenible. Fúquene, el lecho de la zorra, da cuenta de la historia de la laguna Fúquene, de su potencial de biodiversidad, y de los esfuerzos de la Corporación Autónoma Regional de Cundinamarca, CAR, para recuperarlo y preservarlo en beneficio de la cuenta, de la región, de sus habitantes y de Colombia. |
| 546 ## - LANGUAGE NOTE | |
| Language note | Español e inglés |
| 650 14 - SUBJECT ADDED ENTRY--TOPICAL TERM | |
| Topical term or geographic name entry element | Ecología |
| Geographic subdivision | Colombia |
| -- | Fúquene Region. |
| 9 (RLIN) | 14070 |
| 651 14 - SUBJECT ADDED ENTRY--GEOGRAPHIC NAME | |
| Geographic name | Fúquene Region (Colombia) |
| General subdivision | Descripción y viajes |
| 9 (RLIN) | 14071 |
| 651 #0 - SUBJECT ADDED ENTRY--GEOGRAPHIC NAME | |
| Geographic name | Fúquene Region (Colombia) |
| Form subdivision | Fotografías |
| 9 (RLIN) | 14072 |
| 700 1# - ADDED ENTRY--PERSONAL NAME | |
| Personal name | Guerra C., Conchita, |
| Relator term | fotógrafa |
| 9 (RLIN) | 14073 |
| 942 ## - ADDED ENTRY ELEMENTS (KOHA) | |
| Source of classification or shelving scheme | Dewey Decimal Classification |
| Koha item type | Books |
| Withdrawn status | Lost status | Source of classification or shelving scheme | Damaged status | Not for loan | Home library | Current library | Date acquired | Source of acquisition | Total Checkouts | Full call number | Barcode | Date last seen | Date last checked out | Copy number | Price effective from | Koha item type |
|---|---|---|---|---|---|---|---|---|---|---|---|---|---|---|---|---|
| Dewey Decimal Classification | Biblioteca Pública José María del Castillo y Rada | Biblioteca Pública José María del Castillo y Rada | 02/28/2021 | Donación | 2 | 918.61 / S237f | 201810441 | 09/17/2025 | 09/17/2025 | Ej.1 | 02/28/2021 | Books |